000 01054nam a2200265 i 4500
001 46844
003 ES-MaACL
005 20250902103423.0
007 t|
008 030401s1909 sp ||||1| spa d
080 _a327(460:5/6=411.21)"17"
080 _a327(5/6=411.21)"17"
100 1 _aConrotte, Manuel.
_940223
245 1 0 _aEspaña y los países musulmanes durante el ministerio de Floridablanca /
_cpor Manuel Conrotte.
260 _aMadrid :
_bReal Sociedad Geográfica,
_c1909 (
_fImp. del Patronato de Huérfanos de Administración Militar)
300 _a428 p., [3] h. de lám. ;
_c24 cm.
490 1 _aPublicaciones de la Real Sociedad Geográfica
600 1 4 _aFloridablanca, José Moñino
_c, Conde de.
_951333
651 4 _aEspaña-
_xRelaciones-
_zPaíses musulmanes.
_9171828
651 4 _aPaíses musulmanes-
_xRelaciones-
_zEspaña.
_9171829
710 2 _aReal Sociedad Geográfica
_96403
830 1 _aPublicaciones de la Real Sociedad Geográfica
_9182474
852 _aES-MaACL
_jC-1147
999 _c46844
_d46844